| 000 | 00892nam a22002057a 4500 | ||
|---|---|---|---|
| 999 |
_c62285 _d62285 |
||
| 005 | 20240916121213.0 | ||
| 008 | 240916s2022 enk||||| |||| 00| 0 eng d | ||
| 020 | _a9780367531249x | ||
| 041 | _aeng | ||
| 080 | _a339.138 B-92 | ||
| 245 |
_aBuilding Corporate Identity, Image and Reputation in the Digital Era / _cEdited by T C Melewar, Charles Dennis, Pantea Foroudi. |
||
| 264 |
_aLondon: _bRoutledge, _c2022. |
||
| 300 |
_a553 p.; _b24 cm. |
||
| 653 | _aკორპორატიული იდენტობა | ||
| 653 | _aიმიჯის და რეპუტაციის შექმნა ციფრულ ეპოქაში | ||
| 700 |
_aMelewar, T. C. _eრედაქტორი _923226 |
||
| 700 |
_aDennis, Charles _eრედაქტორი _923227 |
||
| 700 |
_aForoudi, Pantea _eრედაქტორი _923228 |
||
| 942 |
_2udc _cᲬᲘᲒᲜᲘ |
||